Lanean...

151 essays UPSC administrative services (main) examination.../

Xehetasun bibliografikoak
Egile nagusia: Gupta, S. C.
Formatua: Printed Book
Hizkuntza:English
Argitaratua: Meerut: Arihant, 2007
LEADER 00544nam a22001577a 4500
003 OSt
005 20200624124454.0
008 160804b xxu||||| |||| 00| 0 eng d
082 |a 082 GUP/O 
100 |a Gupta, S. C. 
245 |a 151 essays  |b UPSC administrative services (main) examination.../  |c S. C. Gupta 
260 |a Meerut:  |b Arihant,  |c 2007 
300 |a 534p. 
942 |2 ddc  |c BK 
999 |c 330302  |d 330302 
952 |0 0  |1 0  |2 ddc  |4 0  |6 082_000000000000000_GUP_O  |7 0  |9 376898  |a CSC  |b CSC  |c ST1  |d 2016-08-04  |i 12407  |l 0  |o 082 GUP/O  |p CSC12407  |r 2016-08-04  |w 2016-08-04  |y BK